000 00485nam a2200193Ia 4500
005 20250508150930.0
008 008 250505s9999 xx 000 0 eng d
037 _aTextual
040 _aFEDL
_beng
_cFEDL
041 _aeng
_2eng
084 _a370.9593, UNE
_qFEDL
245 0 _aReport of the mission to Thailand
245 0 _cUNESCO
260 _c1950
300 _a55p.
650 _aEducation
942 _cTEXL
_h370.9593, UNE
999 _c1326565
_d1326565